The orang utan's lazy adventure

Bibliographic Details
Main Author: St Clare, Geraldine
Format: Book
Published: Penang : RCDS sdn bhd , 2001
Series:Bookworm buddies
Subjects:

MARC

LEADER 00000cam a2200000 7i4500
001 0000066825
005 20220105104229.0
008 161010
020 |a 9831379381 
090 0 0 |a EL   |b ENG 
100 1 |a St Clare, Geraldine 
245 1 0 |a The orang utan's lazy adventure   |c Geraldine st clare 
260 |a Penang :   |b RCDS sdn bhd ,   |c 2001 
440 |a Bookworm buddies 
500 |a Children age 4-6 years old (yellow) 
650 0 |a Early learning 
650 0 |a Junior preschool   |x English   |x Languages 
999 |a 0000000504   |b Book   |c Children Collection   |e Cawangan Bandar Penawar 
999 |a 0000000505   |b Book   |c Children Collection   |e Cawangan Taman Universiti 
999 |a 0000000506   |b Book   |c Children Collection   |e Cawangan Taman Universiti 
999 |a 0000000507   |b Book   |c Children Collection   |e Cawangan Taman Universiti